[Event "OLNO 1819 SG Güstrow-Teterow - Greifsw"]
[Site "?"]
[Date "2018.11.11"]
[Round "2.5"]
[White "Stopsack, Malte"]
[Black "Luther, Alexander"]
[Result "0-1"]
[WhiteElo "2240"]
[BlackElo "2033"]
[PlyCount "112"]
[EventDate "2018.??.??"]

1. e4 c5 2. Nf3 d6 3. c3 Nf6 4. Be2 Nbd7 5. d3 a6 6. a4 b6 7. O-O Bb7 8. Na3 e6
9. Re1 Be7 10. Bf1 O-O 11. Bf4 Re8 12. h3 Bc6 13. Nc4 d5 14. Nce5 Nxe5 15. Nxe5
Bb7 16. exd5 Nxd5 17. Bh2 Bd6 18. d4 cxd4 19. Qxd4 Qc7 20. Rad1 Red8 21. Qc4 f6
22. Nf3 Bxh2+ 23. Nxh2 Qxc4 24. Bxc4 Kf8 25. Nf1 Nf4 26. f3 Rxd1 27. Rxd1 Ke7
28. Kf2 Rd8 29. Rxd8 Kxd8 30. h4 Kd7 31. g3 Nd5 32. Bd3 g6 33. Nd2 a5 34. h5
gxh5 35. Bxh7 f5 36. Bg6 Nf6 37. Nc4 Kc7 38. Bf7 Bd5 39. Ne3 Kd6 40. Nxd5 Kxd5
41. Ke3 Ke5 42. f4+ Kd6 43. Kd4 Ke7 44. Bg6 Kf8 45. Ke5 Kg7 46. Bxf5 exf5 47.
Kxf5 Kf7 48. Ke5 Nd7+ 49. Kd5 Nc5 50. b3 Nxb3 51. Kc6 Nc5 52. Kxb6 Nxa4+ 53.
Kxa5 Nxc3 54. Kb4 Ne2 55. Kc4 Nxg3 56. Kd3 h4 0-1

[Event "OLNO 1819 SG Güstrow-Teterow - Greifsw"]
[Site "?"]
[Date "2018.11.11"]
[Round "2.6"]
[White "Seiler, Dirk"]
[Black "Kuersten, Ruediger"]
[Result "1-0"]
[WhiteElo "2120"]
[BlackElo "2201"]
[PlyCount "95"]
[EventDate "2018.??.??"]

1. d4 d5 2. c4 c6 3. Nc3 Nf6 4. Bg5 a6 5. Bxf6 gxf6 6. cxd5 cxd5 7. e3 e6 8.
Bd3 Bd7 9. f4 Qb6 10. Qe2 Bc6 11. Nf3 Nd7 12. O-O Bd6 13. a3 h5 14. b4 h4 15.
b5 axb5 16. Nxb5 Ke7 17. Nxd6 Kxd6 18. Rfb1 Qa5 19. Qb2 h3 20. g3 Qa4 21. Qb4+
Qxb4 22. axb4 Nb6 23. Nd2 Rxa1 24. Rxa1 Ba4 25. Kf2 Rc8 26. Ke2 Rc3 27. e4 Bc2
28. Bxc2 Rxc2 29. e5+ Ke7 30. Kd3 Rc7 31. Ra7 fxe5 32. fxe5 f6 33. Nb3 Nc8 34.
Ra8 fxe5 35. dxe5 Kf7 36. Nd4 Rc1 37. Rb8 Rc7 38. Nb5 Rc1 39. Rxc8 Rh1 40. Rc2
Kg6 41. Nd4 Re1 42. Re2 Rd1+ 43. Ke3 Rb1 44. b5 Rb4 45. Nxe6 Kf5 46. Nc5 Rxb5
47. Kd4 b6 48. Nd3 1-0

[Event "OLNO 1819 SG Güstrow-Teterow - Greifsw"]
[Site "?"]
[Date "2018.11.11"]
[Round "2.7"]
[White "Mildner, Jens"]
[Black "Kiel, Bernd"]
[Result "0-1"]
[WhiteElo "2124"]
[BlackElo "1964"]
[PlyCount "78"]
[EventDate "2018.??.??"]

1. d4 Nf6 2. c4 g6 3. Nc3 d5 4. cxd5 Nxd5 5. Bd2 Bg7 6. e4 Nxc3 7. Bxc3 c5 8.
d5 Bxc3+ 9. bxc3 Qa5 10. Qd2 O-O 11. c4 Qa4 12. Bd3 b5 13. cxb5 c4 14. Bc2 Qxb5
15. Ne2 Nd7 16. O-O Ba6 17. Qc3 Rab8 18. Rab1 Qc5 19. Nd4 Ne5 20. Kh1 Qd6 21.
g3 Rxb1 22. Rxb1 f5 23. f4 Ng4 24. Ne6 Rf6 25. Kg2 fxe4 26. Bxe4 Bc8 27. Ng5
Bf5 28. Qd4 Qa3 29. Bxf5 gxf5 30. Ne6 Qd6 31. Qxa7 Qxd5+ 32. Kg1 Qxe6 33. Qa8+
Rf8 34. Qg2 Qe3+ 35. Kh1 Nf2+ 36. Kg1 Ne4+ 37. Kh1 Rd8 38. Qc2 Rd2 39. Rb8+ Kg7
0-1

[Event "OLNO 1819 SG Güstrow-Teterow - Greifsw"]
[Site "?"]
[Date "2018.11.11"]
[Round "2.8"]
[White "Dettmann, Holger"]
[Black "Fromm, Marius"]
[Result "0-1"]
[WhiteElo "2026"]
[BlackElo "2046"]
[PlyCount "84"]
[EventDate "2018.??.??"]

1. d4 d5 2. Bf4 Nf6 3. e3 c5 4. c3 Nc6 5. Bd3 Qb6 6. b3 cxd4 7. exd4 Bg4 8. Ne2
e6 9. h3 Bh5 10. O-O Be7 11. Qd2 Bg6 12. Bxg6 hxg6 13. Qb2 Rc8 14. Nd2 O-O 15.
Rfe1 Qd8 16. Rac1 Bd6 17. Bxd6 Qxd6 18. Ng3 Rc7 19. Nf3 Rfc8 20. Ne5 b5 21. Nd3
a5 22. Kh1 Nd7 23. Nf1 b4 24. Kg1 Ndb8 25. Nc5 bxc3 26. Qxc3 Nxd4 27. Qxd4 Rxc5
28. Rxc5 Qxc5 29. Qd2 Nd7 30. Ng3 Nf6 31. Qe2 d4 32. Qa6 Rd8 33. Rd1 e5 34. Ne2
Nd5 35. Rc1 Nc3 36. Nxc3 dxc3 37. Qc4 Qxc4 38. bxc4 Rd3 39. Kh2 Kf8 40. c5 Ke7
41. Re1 c2 42. Rxe5+ Kf6 0-1

[Event "OLNO 1819 Greifswalder SV - SC Kreuzber"]
[Site "?"]
[Date "2018.11.25"]
[Round "3.1"]
[White "Glantz, Robert"]
[Black "Mueller, Nick"]
[Result "0-1"]
[WhiteElo "2291"]
[BlackElo "2334"]
[PlyCount "52"]
[EventDate "2018.??.??"]

1. e4 c5 2. Nf3 Nc6 3. Bb5 g6 4. Bxc6 bxc6 5. O-O Bg7 6. Re1 Nh6 7. c3 O-O 8.
d4 cxd4 9. cxd4 d5 10. e5 f6 11. Nbd2 fxe5 12. Nxe5 Bxe5 13. dxe5 Qb6 14. Nf3
Nf5 15. Qd2 Bb7 16. b4 a5 17. bxa5 Rxa5 18. g4 Ng7 19. Re3 c5 20. Ba3 Ra4 21.
h3 d4 22. Rb3 Qc6 23. Rab1 Ba8 24. Qg5 Rxf3 25. Rb8+ Kf7 26. Rxa8 Rxa8 0-1

[Event "OLNO 1819 Greifswalder SV - SC Kreuzber"]
[Site "?"]
[Date "2018.11.25"]
[Round "3.2"]
[White "Leisner, Hannes"]
[Black "Thesing, Matthias"]
[Result "1/2-1/2"]
[WhiteElo "2287"]
[BlackElo "2317"]
[PlyCount "69"]
[EventDate "2018.??.??"]

1. e4 c5 2. Nf3 e6 3. d4 cxd4 4. Nxd4 a6 5. Nc3 d6 6. g3 Bd7 7. Bg2 Nc6 8. O-O
Nf6 9. Nb3 b5 10. a3 Be7 11. Qe2 O-O 12. f4 b4 13. axb4 Nxb4 14. e5 Nfd5 15.
Ne4 Qb6+ 16. Kh1 dxe5 17. fxe5 Rac8 18. c4 f5 19. Ng5 Na2 20. cxd5 Nxc1 21.
Nxc1 Bb5 22. Nd3 Bxg5 23. Rfd1 exd5 24. Qh5 Qe3 25. Re1 g6 26. Rxe3 gxh5 27.
Bxd5+ Kh8 28. Nf4 Rc5 29. Rc3 Rxc3 30. bxc3 Rc8 31. c4 Bxc4 32. Bxc4 Bxf4 33.
Bxa6 Bxe5 34. Bxc8 Bxa1 35. Bxf5 1/2-1/2

[Event "OLNO 1819 Greifswalder SV - SC Kreuzber"]
[Site "?"]
[Date "2018.11.25"]
[Round "3.3"]
[White "Lerch, Philipp"]
[Black "Weber, Max"]
[Result "1-0"]
[WhiteElo "2311"]
[BlackElo "2228"]
[PlyCount "53"]
[EventDate "2018.??.??"]

1. d4 Nf6 2. Bf4 g6 3. Nc3 Bg7 4. e4 d6 5. Nf3 c6 6. a4 Bg4 7. Be2 Nbd7 8. O-O
O-O 9. Qd2 Qa5 10. b4 Qxb4 11. a5 Bxf3 12. Bxf3 e5 13. Ra4 Qb2 14. Rb1 Qxb1+
15. Nxb1 exf4 16. Qxf4 Rfe8 17. Nd2 Rad8 18. g4 h6 19. Nc4 b5 20. axb6 Nxb6 21.
Nxb6 axb6 22. Ra7 Rf8 23. Be2 c5 24. c3 d5 25. e5 Ne4 26. e6 Ra8 27. Rxa8 1-0

[Event "OLNO 1819 Greifswalder SV - SC Kreuzber"]
[Site "?"]
[Date "2018.11.25"]
[Round "3.4"]
[White "Stubbe, Wilko"]
[Black "Moritz, Aron"]
[Result "1/2-1/2"]
[WhiteElo "2221"]
[BlackElo "2203"]
[PlyCount "97"]
[EventDate "2018.??.??"]

1. e4 c5 2. Nf3 d6 3. Bb5+ Bd7 4. Bxd7+ Nxd7 5. O-O Ngf6 6. Re1 e6 7. c4 Be7 8.
Nc3 O-O 9. b3 a6 10. Bb2 Qa5 11. Qe2 Rab8 12. Rad1 b5 13. cxb5 axb5 14. e5 dxe5
15. Nxe5 Nxe5 16. Qxe5 Nd7 17. Qg3 Bf6 18. Ba1 Rfd8 19. h4 h6 20. Ne4 Bxa1 21.
Rxa1 Qb4 22. Qc3 f5 23. Ng3 Kf7 24. Qf3 Rb6 25. Re4 c4 26. Rae1 Nf6 27. Re5
Qxd2 28. R5e2 Qd5 29. Qc3 Qd4 30. Qa5 c3 31. Re3 b4 32. Ne2 Qd6 33. Nf4 Rc6 34.
Qb5 Rb6 35. Qa5 Ra6 36. Qb5 Rb8 37. Qe2 Nd5 38. Qh5+ Kg8 39. Rxe6 Nxf4 40. Rxd6
Rxd6 41. Re8+ Rxe8 42. Qxe8+ Kh7 43. Qe5 Rd1+ 44. Kh2 Nd3 45. Qxf5+ Kh8 46.
Qf8+ Kh7 47. Qf5+ Kh8 48. Qf8+ Kh7 49. Qf5+ 1/2-1/2

[Event "OLNO 1819 Greifswalder SV - SC Kreuzber"]
[Site "?"]
[Date "2018.11.25"]
[Round "3.5"]
[White "Lehmann, Klaus"]
[Black "Stopsack, Malte"]
[Result "1/2-1/2"]
[WhiteElo "2256"]
[BlackElo "2240"]
[PlyCount "137"]
[EventDate "2018.??.??"]

1. e4 g6 2. d4 Bg7 3. Nf3 d6 4. Bc4 Nf6 5. Qe2 O-O 6. O-O Bg4 7. h3 Bxf3 8.
Qxf3 Nc6 9. c3 e5 10. Bb5 Nd7 11. Bxc6 bxc6 12. dxe5 Nxe5 13. Qg3 f5 14. exf5
gxf5 15. f4 Nd7 16. Qf3 c5 17. Qd5+ Kh8 18. Nd2 Qe8 19. Nf3 Qe4 20. Qd1 Rae8
21. Re1 Qc4 22. Rxe8 Rxe8 23. Qb3 Nb6 24. Bd2 Bf6 25. Rf1 a5 26. Bc1 a4 27. Qc2
Qd5 28. Qf2 Qd3 29. Ng5 h6 30. Qh4 Kg7 31. Qh5 Re7 32. Nf3 Nd5 33. g4 Ne3 34.
Bxe3 Qxe3+ 35. Rf2 Qxf4 36. gxf5 Qc1+ 37. Rf1 Qe3+ 38. Kh1 Kf8 39. Qg6 Rf7 40.
Qh5 Bg5 41. Nxg5 hxg5 42. Qg4 Re7 43. Qh5 Rf7 44. Qg4 Rh7 45. Kg2 Rh4 46. Qf3
Qxf3+ 47. Rxf3 Kf7 48. Re3 Rf4 49. a3 Kf6 50. Kg3 Rf1 51. Re4 Rg1+ 52. Kf3 Rb1
53. Kg3 Rg1+ 54. Kf3 Kxf5 55. Rxa4 Rb1 56. Ra8 Rxb2 57. Rf8+ Kg6 58. Rg8+ Kf6
59. Rf8+ Kg7 60. Rc8 Rb3 61. Kg4 Rxc3 62. Kxg5 Rg3+ 63. Kf5 Rxa3 64. Rxc7+ Kh6
65. Rc8 Rf3+ 66. Ke6 Rd3 67. Kf6 Rf3+ 68. Ke6 Rd3 69. Kf6 1/2-1/2

[Event "OLNO 1819 Greifswalder SV - SC Kreuzber"]
[Site "?"]
[Date "2018.11.25"]
[Round "3.6"]
[White "Bartolomaeus, Christian"]
[Black "Glienke, Manfred"]
[Result "0-1"]
[WhiteElo "2218"]
[BlackElo "2244"]
[PlyCount "62"]
[EventDate "2018.??.??"]

1. c4 Nf6 2. Nc3 e6 3. g3 d5 4. Bg2 d4 5. Ne4 Be7 6. d3 O-O 7. Nxf6+ Bxf6 8.
Nf3 c5 9. g4 Nc6 10. g5 Be7 11. h4 e5 12. Bd2 Be6 13. Qc2 Rb8 14. O-O-O b5 15.
b3 e4 16. cxb5 exf3 17. Bxf3 Nb4 18. Bxb4 cxb4 19. Kb1 Rxb5 20. Be4 Rc5 21. Qd2
Rc3 22. Rc1 Qa5 23. f4 Rfc8 24. Qb2 Qc5 25. Rxc3 bxc3 26. Qc2 a5 27. Rf1 g6 28.
h5 a4 29. hxg6 hxg6 30. e3 axb3 31. axb3 Qa3 0-1

[Event "OLNO 1819 Greifswalder SV - SC Kreuzber"]
[Site "?"]
[Date "2018.11.25"]
[Round "3.7"]
[White "Dyballa, Markus"]
[Black "Kuersten, Ruediger"]
[Result "1/2-1/2"]
[WhiteElo "2220"]
[BlackElo "2201"]
[PlyCount "67"]
[EventDate "2018.??.??"]

1. Nf3 d5 2. b3 Nf6 3. Bb2 e6 4. g3 c5 5. Bg2 Nc6 6. O-O Bd6 7. d3 O-O 8. Nbd2
e5 9. e4 dxe4 10. Nxe4 Nxe4 11. dxe4 Bg4 12. h3 Bxf3 13. Qxf3 Qe7 14. Rfd1 Nd4
15. Qd3 Rfd8 16. c3 Ne6 17. Qc4 Rac8 18. h4 Bb8 19. Rd5 Nc7 20. Rdd1 Ne6 21.
Bh3 Rxd1+ 22. Rxd1 Rd8 23. Rd5 Rxd5 24. exd5 Nf8 25. Qg4 g6 26. Qc8 Bd6 27. Bc1
Kg7 28. Bg5 f6 29. Be3 f5 30. Bg5 Qd7 31. Qxd7+ Nxd7 32. c4 Nf6 33. Bg2 f4 34.
Bxf6+ 1/2-1/2

[Event "OLNO 1819 Greifswalder SV - SC Kreuzber"]
[Site "?"]
[Date "2018.11.25"]
[Round "3.8"]
[White "Reyer, Ulli"]
[Black "Moser, Axel"]
[Result "1/2-1/2"]
[WhiteElo "2162"]
[BlackElo "2144"]
[PlyCount "33"]
[EventDate "2018.??.??"]

1. e4 c5 2. Nf3 d6 3. Bb5+ Bd7 4. Bxd7+ Nxd7 5. O-O Ngf6 6. Re1 e6 7. c3 Be7 8.
d4 cxd4 9. cxd4 d5 10. e5 Ne4 11. Nbd2 Nxd2 12. Bxd2 O-O 13. Rc1 Nb8 14. Qb3
Qd7 15. Bb4 Bxb4 16. Qxb4 Nc6 17. Qd2 1/2-1/2

[Event "OLNO 1819 SF Berlin III - SG Güstrow-Te"]
[Site "?"]
[Date "2018.11.25"]
[Round "3.1"]
[White "Waschk, Armin"]
[Black "Modler, Andreas"]
[Result "1/2-1/2"]
[WhiteElo "2149"]
[BlackElo "2269"]
[PlyCount "25"]
[EventDate "2018.??.??"]

1. e4 c5 2. Nf3 e6 3. d4 cxd4 4. Nxd4 a6 5. Bd3 g6 6. c4 Bg7 7. Ne2 Ne7 8. O-O
d5 9. exd5 exd5 10. Nbc3 O-O 11. Bg5 dxc4 12. Bxc4 Qxd1 13. Raxd1 1/2-1/2

[Event "OLNO 1819 SF Berlin III - SG Güstrow-Te"]
[Site "?"]
[Date "2018.11.25"]
[Round "3.2"]
[White "de Wiljes, Jan-Hendrik"]
[Black "Muench, Robert"]
[Result "1-0"]
[WhiteElo "2340"]
[BlackElo "2003"]
[PlyCount "105"]
[EventDate "2018.??.??"]

1. c4 e6 2. Nf3 d5 3. g3 c6 4. Qc2 Bd6 5. d4 Ne7 6. Bg2 Nd7 7. O-O O-O 8. e4
dxe4 9. Qxe4 Ng6 10. Bg5 Nf6 11. Qe2 h6 12. Bxf6 Qxf6 13. Nbd2 Qe7 14. Rfe1 Re8
15. c5 Bc7 16. Nc4 Bd7 17. h4 Rad8 18. h5 Nf8 19. b4 Nh7 20. Nfe5 Nf6 21. f4
Nd5 22. Qb2 Qf6 23. Be4 Bc8 24. Rad1 Qe7 25. Bb1 f5 26. a3 Nf6 27. Qe2 Rd5 28.
Ba2 Rdd8 29. Qf3 Nd5 30. Rd2 Qf6 31. Bb3 Bb8 32. Bd1 Bc7 33. Qb3 a6 34. Bf3 Qe7
35. Kf2 Nf6 36. Red1 Nd5 37. Rd3 Nf6 38. Ke3 Nd5+ 39. Kd2 Nf6 40. Ke1 Nd5 41.
Kf2 Nf6 42. Kg2 Nd5 43. Kh3 Nf6 44. a4 Nd5 45. R1d2 Qf6 46. b5 axb5 47. axb5
Bd7 48. b6 Bb8 49. Ra2 Qe7 50. Ra5 Bc8 51. Qa3 Bd7 52. Ra7 Bc8 53. Nxc6 1-0

[Event "OLNO 1819 SF Berlin III - SG Güstrow-Te"]
[Site "?"]
[Date "2018.11.25"]
[Round "3.3"]
[White "Dettmann, Gerd"]
[Black "Nogly, Christoph"]
[Result "0-1"]
[WhiteElo "2146"]
[BlackElo "2221"]
[PlyCount "92"]
[EventDate "2018.??.??"]

1. e4 e5 2. Nf3 Nc6 3. Bb5 Nf6 4. O-O Bc5 5. c3 O-O 6. d4 Bb6 7. Re1 d6 8. Bg5
h6 9. Bh4 Bg4 10. d5 Nb8 11. Nbd2 g5 12. Bg3 a6 13. Be2 Nbd7 14. h3 Bh5 15. Nh2
Bg6 16. Bg4 Nxg4 17. hxg4 Nf6 18. Qe2 Qd7 19. Kh1 Kg7 20. f3 h5 21. Nc4 Ba7 22.
Ne3 Rh8 23. Nf5+ Kf8 24. Rf1 Bxf5 25. gxf5 h4 26. Bf2 Nh5 27. Qd2 Ng3+ 28. Kg1
Nxf1 29. Rxf1 Bxf2+ 30. Rxf2 f6 31. Ng4 Ke7 32. b3 Qb5 33. Qe3 a5 34. Kh2 Qa6
35. Rc2 c5 36. dxc6 bxc6 37. Rd2 Rhd8 38. Qe1 Qb6 39. Ne3 Qc5 40. Rd3 Rd7 41.
Qd2 Rad8 42. c4 Rb8 43. Ng4 a4 44. bxa4 Rb4 45. a5 Rxc4 46. a6 Rc2 0-1

[Event "OLNO 1819 SF Berlin III - SG Güstrow-Te"]
[Site "?"]
[Date "2018.11.25"]
[Round "3.4"]
[White "Hoffmann, Udo"]
[Black "Luther, Alexander"]
[Result "1/2-1/2"]
[WhiteElo "2263"]
[BlackElo "2033"]
[PlyCount "102"]
[EventDate "2018.??.??"]

1. e4 c5 2. b3 d6 3. Bb2 e6 4. f4 Nf6 5. Bb5+ Nbd7 6. Qe2 a6 7. Bd3 g6 8. c4
Bg7 9. Nc3 O-O 10. g4 b6 11. h3 Bb7 12. Nf3 d5 13. e5 Ne8 14. cxd5 exd5 15. O-O
Nc7 16. Rae1 Re8 17. Qh2 b5 18. Bb1 f6 19. Nd1 fxe5 20. fxe5 d4 21. Be4 Bxe4
22. Rxe4 Qe7 23. Rfe1 Ne6 24. d3 Rf8 25. Rf1 Rf7 26. Bc1 Raf8 27. Qe2 Nb6 28.
Nh2 Nd5 29. Rxf7 Rxf7 30. Nf3 Qf8 31. Ng5 Nxg5 32. Bxg5 Nf4 33. Bxf4 Rxf4 34.
e6 Rf6 35. e7 Qe8 36. g5 Rf5 37. h4 h6 38. Re6 Kf7 39. Nf2 hxg5 40. hxg5 Rxg5+
41. Ng4 c4 42. Kf1 c3 43. Ke1 c2 44. Kd2 Rc5 45. Kc1 Rc7 46. Qe4 Rxe7 47. Qxg6+
Kf8 48. Qxe8+ Kxe8 49. Rxe7+ Kxe7 50. Kxc2 Ke6 51. Nf2 Kd5 1/2-1/2

[Event "OLNO 1819 SF Berlin III - SG Güstrow-Te"]
[Site "?"]
[Date "2018.11.25"]
[Round "3.5"]
[White "Kiel, Bernd"]
[Black "Andersen, Hans-Christoph"]
[Result "1/2-1/2"]
[WhiteElo "1964"]
[BlackElo "2191"]
[PlyCount "160"]
[EventDate "2018.??.??"]

1. e4 c6 2. d4 d5 3. Nd2 dxe4 4. Nxe4 Bf5 5. Ng3 Bg6 6. Nf3 e6 7. Ne5 Nd7 8.
Nxg6 hxg6 9. Bd3 Ngf6 10. Qe2 Bd6 11. Bd2 Qc7 12. O-O-O O-O-O 13. c4 Rhe8 14.
Kb1 e5 15. d5 cxd5 16. cxd5 Kb8 17. Rc1 Qb6 18. Bc4 Bc5 19. f3 Bd4 20. Bc3 a6
21. Qd2 Be3 22. Qe2 Bxc1 23. Rxc1 Rc8 24. Rd1 Qc5 25. Bb3 Qb5 26. Qxb5 axb5 27.
d6 Rf8 28. Bb4 Nc5 29. d7 Nfxd7 30. Ne4 f6 31. Nd6 Rc6 32. Nxb5 Rh8 33. Bd5 Rb6
34. a4 Nxa4 35. Bd6+ Rxd6 36. Nxd6 Rxh2 37. Rd2 Nab6 38. Bf7 g5 39. Nf5 Nc5 40.
Nxg7 Rh7 41. Ne6 Nb3 42. Rd8+ Ka7 43. Rd3 Rxf7 44. Rxb3 Rd7 45. Nc5 Rc7 46. Ne4
Rc6 47. g4 Kb8 48. Rd3 Kc7 49. b3 Nd7 50. Kb2 Nc5 51. Nxc5 Rxc5 52. Rd2 Rc6 53.
Rh2 Kd6 54. Rd2+ Ke6 55. Rh2 Rd6 56. Kc3 Rd4 57. Rh7 Rf4 58. Rh3 e4 59. fxe4
Rxe4 60. Rg3 Ke5 61. Kd3 Kf4 62. Rg1 Re6 63. Kd4 Kf3 64. Kd5 Rb6 65. Kc4 Rc6+
66. Kd5 Rc3 67. b4 Rb3 68. Kc5 Re3 69. Rf1+ Kxg4 70. Rxf6 Re7 71. b5 Kg3 72.
Rf8 g4 73. b6 Kh2 74. Rh8+ Kg2 75. Rc8 g3 76. Rc7 Re5+ 77. Kd6 Rg5 78. Rxb7 Kg1
79. Ra7 Rg6+ 80. Kc7 Rxb6 1/2-1/2

[Event "OLNO 1819 SF Berlin III - SG Güstrow-Te"]
[Site "?"]
[Date "2018.11.25"]
[Round "3.6"]
[White "Weber, Daniel"]
[Black "Dettmann, Holger"]
[Result "1/2-1/2"]
[WhiteElo "2090"]
[BlackElo "2026"]
[PlyCount "162"]
[EventDate "2018.??.??"]

1. d4 Nf6 2. c4 e6 3. Nc3 Bb4 4. Qc2 c5 5. dxc5 Qa5 6. Bd2 Qxc5 7. e3 Na6 8. a3
Bxc3 9. Bxc3 Qe7 10. b4 b6 11. e4 Bb7 12. Bd3 Nc7 13. e5 Ng4 14. Be4 Bxe4 15.
Qxe4 f5 16. exf6 Nxf6 17. Qb7 d6 18. Ne2 O-O 19. O-O Ncd5 20. Qxe7 Nxe7 21.
Rad1 d5 22. cxd5 Nexd5 23. Be5 Rfc8 24. Nd4 Kf7 25. Rfe1 Rc3 26. Nxe6 Rxa3 27.
Nxg7 Rb3 28. Nh5 Rxb4 29. Nxf6 Nxf6 30. Rd6 Ne4 31. Rh6 Re8 32. f4 Kg8 33. g4
a5 34. Rd1 Nc5 35. Rdd6 a4 36. Rxb6 Rxb6 37. Rxb6 a3 38. Rb5 a2 39. Ra5 Nd3 40.
Rxa2 Nxe5 41. fxe5 Rxe5 42. Kf2 Kg7 43. h4 Re4 44. Kg3 Re7 45. Ra6 h6 46. Rb6
Rc7 47. h5 Rf7 48. Re6 Kh7 49. Rg6 Rf8 50. Ra6 Rf7 51. Ra8 Kg7 52. Rb8 Kh7 53.
Rb3 Kg7 54. Rb4 Ra7 55. Kf3 Re7 56. Rb6 Kh7 57. Kf4 Rf7+ 58. Ke5 Rg7 59. Rb4
Ra7 60. Rb6 Rg7 61. Kf5 Rg5+ 62. Kf4 Rg7 63. Re6 Ra7 64. Kf5 Kg7 65. Rg6+ Kh7
66. Rd6 Rf7+ 67. Ke5 Rf1 68. Rd7+ Kg8 69. Re7 Rf2 70. Re6 Kg7 71. Rg6+ Kh7 72.
Rf6 Re2+ 73. Kf5 Rf2+ 74. Ke6 Re2+ 75. Kf7 Re4 76. Rg6 Rf4+ 77. Ke6 Ra4 78. Kf5
Ra5+ 79. Kf6 Ra6+ 80. Kf5 Ra5+ 81. Kf6 Ra6+ 1/2-1/2

[Event "OLNO 1819 SF Berlin III - SG Güstrow-Te"]
[Site "?"]
[Date "2018.11.25"]
[Round "3.7"]
[White "Schumann, Rabea"]
[Black "Lachmann, Utz"]
[Result "1/2-1/2"]
[WhiteElo "1890"]
[BlackElo "2194"]
[PlyCount "94"]
[EventDate "2018.??.??"]

1. c4 e5 2. g3 Nc6 3. Bg2 g6 4. Nc3 Bg7 5. e3 d6 6. Nge2 Nge7 7. O-O O-O 8. d3
Bg4 9. h3 Be6 10. Nd5 Qd7 11. Kh2 f5 12. Nec3 Nd8 13. Bd2 c6 14. Nxe7+ Qxe7 15.
Rc1 Nf7 16. b4 e4 17. dxe4 Bxc4 18. Ne2 Bxe2 19. Qxe2 fxe4 20. f3 exf3 21. Rxf3
Ne5 22. Rxf8+ Rxf8 23. a4 d5 24. Bc3 Qg5 25. b5 Nc4 26. Bb4 Re8 27. Rxc4 dxc4
28. Qxc4+ Kh8 29. bxc6 bxc6 30. Qxc6 Qxe3 31. Bc5 Qe6 32. Bxa7 Qf7 33. Bb6 h5
34. h4 Be5 35. a5 Qe7 36. Qxg6 Qxh4+ 37. Kg1 Bd4+ 38. Bxd4+ Qxd4+ 39. Kh2 Qe5
40. Qh6+ Kg8 41. Qg6+ Kf8 42. Qh6+ Kg8 43. a6 Re7 44. Qf4 h4 45. Qxe5 Rxe5 46.
a7 hxg3+ 47. Kxg3 Ra5 1/2-1/2

[Event "OLNO 1819 SF Berlin III - SG Güstrow-Te"]
[Site "?"]
[Date "2018.11.25"]
[Round "3.8"]
[White "Offermann, Fernando"]
[Black "Ebert, Lutz"]
[Result "1-0"]
[WhiteElo "2143"]
[BlackElo "1877"]
[PlyCount "125"]
[EventDate "2018.??.??"]

1. d4 c5 2. d5 e5 3. e4 d6 4. Nc3 a6 5. a4 Ne7 6. Nf3 Ng6 7. a5 Bg4 8. h3 Bxf3
9. Qxf3 Be7 10. Nd1 O-O 11. g3 Nd7 12. h4 Re8 13. Ne3 b5 14. axb6 Qxb6 15. Nc4
Qc7 16. Bd2 Reb8 17. Bd3 Qc8 18. O-O Nb6 19. Na5 Qh3 20. Be2 Nd7 21. b3 f5 22.
Qxf5 Qxf5 23. exf5 Ngf8 24. Nc6 Re8 25. Nxe7+ Rxe7 26. Bxa6 Nf6 27. Bc4 Rea7
28. Rxa7 Rxa7 29. b4 N8d7 30. bxc5 Nxc5 31. Rb1 Kf7 32. Be3 Nfd7 33. Bf1 h6 34.
f3 Ra3 35. Kf2 Rc3 36. Rb2 Kf6 37. g4 Ra3 38. Bh3 Rd3 39. g5+ hxg5 40. hxg5+
Kf7 41. Bf1 Rc3 42. Be2 Ke7 43. Ra2 Nb6 44. Bd2 Nxd5 45. Ra7+ Kf8 46. Bxc3 Nxc3
47. Rc7 Nd5 48. Rc6 Nc3 49. Rc8+ Ke7 50. Rc7+ Kf8 51. Bc4 Nd1+ 52. Ke2 Nc3+ 53.
Kd2 Nb1+ 54. Kc1 Na3 55. Bd5 Nb5 56. Rf7+ Ke8 57. Rxg7 Nc3 58. Bf7+ Kd7 59. f6
e4 60. Bd5+ Ke8 61. Rg8+ Kd7 62. fxe4 N3xe4 63. f7 1-0

[Event "OLNO 1819 TSG Oberschöneweide - SC Emp"]
[Site "?"]
[Date "2018.11.25"]
[Round "3.1"]
[White "Penzold, Andreas"]
[Black "Rosenthal, Dirk"]
[Result "0-1"]
[WhiteElo "2405"]
[BlackElo "2402"]
[PlyCount "116"]
[EventDate "2018.??.??"]

1. c4 e5 2. Nc3 Bb4 3. Nd5 Bc5 4. Nf3 c6 5. Nc3 d6 6. d4 exd4 7. Nxd4 Nf6 8.
Nc2 O-O 9. e3 d5 10. cxd5 cxd5 11. b4 Bd6 12. Bb2 Nc6 13. a3 Bf5 14. Nd4 Nxd4
15. Qxd4 Re8 16. Qd2 Be5 17. Bb5 d4 18. Na4 Bd7 19. Bxd7 Qxd7 20. Nc5 Qg4 21.
O-O dxe3 22. fxe3 Rad8 23. Qf2 Bxb2 24. Qxb2 b6 25. Na4 Rxe3 26. Rae1 Qe6 27.
Qc1 Rdd3 28. Nb2 Rc3 29. Qxc3 Rxc3 30. Rxe6 fxe6 31. Rf3 Rc1+ 32. Rf1 Rxf1+ 33.
Kxf1 Ng4 34. Kg1 Ne3 35. Nd3 Nc4 36. a4 e5 37. b5 Kf7 38. Nb4 Ke6 39. Nc6 Na5
40. Nb4 Kd6 41. Kf2 Nb3 42. Nd3 e4 43. Nb2 Kd5 44. Ke3 Na5 45. Nd1 Nc4+ 46. Ke2
Kd4 47. Nf2 Nb2 48. Nh3 Nxa4 49. Ng5 Nc3+ 50. Ke1 Nxb5 51. Nxh7 a5 52. Ng5 a4
53. Kd1 Kd3 54. h4 a3 55. Kc1 Nd4 56. Nh3 e3 57. Kb1 e2 58. Nf4+ Kc3 0-1

[Event "OLNO 1819 TSG Oberschöneweide - SC Emp"]
[Site "?"]
[Date "2018.11.25"]
[Round "3.2"]
[White "Schoewel, Matthias"]
[Black "Hansch, Karsten"]
[Result "0-1"]
[WhiteElo "2235"]
[BlackElo "2268"]
[PlyCount "102"]
[EventDate "2018.??.??"]

1. e4 c5 2. Nf3 d6 3. Nc3 Nf6 4. d4 cxd4 5. Nxd4 a6 6. Bd3 Nc6 7. Nxc6 bxc6 8.
O-O g6 9. Qe2 Bg7 10. h3 O-O 11. Rd1 Qc7 12. a4 a5 13. Bc4 Nd7 14. Bd2 Ne5 15.
Ba2 Kh8 16. Rab1 Nd7 17. Qe1 Nc5 18. Be3 Na6 19. Qd2 Rb8 20. Bh6 Rb4 21. Re1
Nc5 22. b3 Be6 23. Bxg7+ Kxg7 24. f3 Rd8 25. Ne2 f6 26. Qe3 Nxa4 27. Nd4 Bf7
28. c3 Nxc3 29. Qxc3 Qa7 30. Red1 e5 31. Qxc6 Rxd4 32. Kh2 Qc5 33. Rdc1 Qxc6
34. Rxc6 Rd2 35. Ra1 Ra8 36. Rc7 Kg8 37. Rxf7 Kxf7 38. b4+ Ke7 39. Bd5 Rxd5 40.
exd5 a4 41. Kg3 Kd7 42. f4 Kc7 43. Kg4 Kb6 44. fxe5 fxe5 45. Kg5 Kb5 46. Kf6 a3
47. Ke6 Ra6 48. g4 a2 49. h4 e4 50. h5 gxh5 51. gxh5 Kxb4 0-1

[Event "OLNO 1819 TSG Oberschöneweide - SC Emp"]
[Site "?"]
[Date "2018.11.25"]
[Round "3.3"]
[White "Hansch, Stephan"]
[Black "Postler, Reinhard"]
[Result "1/2-1/2"]
[WhiteElo "2218"]
[BlackElo "2244"]
[PlyCount "37"]
[EventDate "2018.??.??"]

1. d4 d5 2. c4 c6 3. Nf3 Nf6 4. e3 e6 5. b3 Bd6 6. Bb2 Nbd7 7. Bd3 Qe7 8. Ne5
Bb4+ 9. Nd2 Ne4 10. Bxe4 dxe4 11. O-O f5 12. a3 Bxd2 13. Qxd2 O-O 14. a4 Nxe5
15. dxe5 Rd8 16. Qc2 Bd7 17. Rfd1 Be8 18. Ba3 c5 19. Rxd8 1/2-1/2

[Event "OLNO 1819 TSG Oberschöneweide - SC Emp"]
[Site "?"]
[Date "2018.11.25"]
[Round "3.4"]
[White "Boewer, Roland"]
[Black "Schoene, Ralf"]
[Result "1/2-1/2"]
[WhiteElo "2197"]
[BlackElo "2254"]
[PlyCount "60"]
[EventDate "2018.??.??"]

1. Nf3 Nf6 2. g3 g6 3. Bg2 Bg7 4. O-O O-O 5. d3 d6 6. e4 e5 7. c3 c6 8. Re1 Qc7
9. Nbd2 Nbd7 10. b3 Nc5 11. Qc2 b6 12. d4 Nb7 13. Bb2 Re8 14. Rad1 Nd7 15. Bf1
Nf8 16. Nc4 Bg4 17. Be2 Rad8 18. Ne3 Bc8 19. b4 Bh6 20. Bc1 Bxe3 21. Bxe3 f6
22. Rd2 Be6 23. Red1 Bf7 24. Qa4 a5 25. dxe5 dxe5 26. Rxd8 Rxd8 27. Rxd8 Nxd8
28. bxa5 bxa5 29. Nd2 Nb7 30. Nc4 Nd7 1/2-1/2

[Event "OLNO 1819 TSG Oberschöneweide - SC Emp"]
[Site "?"]
[Date "2018.11.25"]
[Round "3.5"]
[White "Trenner, Rolf"]
[Black "Wiedersich, Jens"]
[Result "0-1"]
[WhiteElo "2158"]
[BlackElo "2094"]
[PlyCount "77"]
[EventDate "2018.??.??"]

1. d4 Nf6 2. c4 c5 3. e3 e6 4. Nc3 a6 5. Nf3 Be7 6. dxc5 Bxc5 7. a3 O-O 8. Be2
Be7 9. O-O d5 10. Qc2 Qc7 11. cxd5 Nxd5 12. Bd2 Nxc3 13. Qxc3 Nc6 14. Rac1 Bf6
15. Qb3 e5 16. e4 Bg4 17. Be3 Rac8 18. Bb6 Qb8 19. Qa4 Bxf3 20. Bxf3 Nd4 21.
Bg4 Rc6 22. Rxc6 Nxc6 23. Rd1 Nd4 24. b4 g6 25. Qd7 h5 26. Bh3 Ne2+ 27. Kf1 Nf4
28. Bc7 Qa8 29. Qd6 Kg7 30. Bd7 g5 31. g3 Ng6 32. Qd5 Ne7 33. Qd3 Ng6 34. f3
Bd8 35. Bd6 Be7 36. Bxe7 Nxe7 37. Qd6 Ng6 38. Bf5 Qb8 39. Bxg6 0-1